000 00588 a2200193 4500
999 _c182815
_d182815
005 20211208163116.0
010 _aENG-130217
020 _c110.00
_a978-93-815884-4-4
035 _aEN-113749
037 _bDBAD / PUB
082 _a333.72
100 _aVohra, Manasvi
245 _aEnvironment Quiz Book:
_cManasvi Vohra
250 _a2012
260 _aDarya Ganj
_bV&S Publishers
_c2012
270 _bNew Delhi
_minfor@vspublishers.com
_aF-2/16, Ansari Road, Daryaganj
_e110002
_k011-23240028
300 _a135p.
_c20cm (pbk)
942 _adpl
_cEN
_2ddc
_h333.72
_mVOH